000 00551nam a2200217Ia 4500
005 20260429112203.0
008 260429s9999||||xx |||||||||||||| ||und||
020 _a9780123849861
041 _aEnglish
082 _a581.19
_bHEL
100 _aHeldt, Hans-Walter
245 0 _aPlant biochemistry /
_cHans-Walter Heldt
250 _a4th ed.
260 _aAmsterdam :
_bElsevier,
_c2011.
300 _axxiv, 622 p.; hb
650 _a Plant
650 _aBiochemistry
700 _a Heldt, Fiona
700 _a Piechulla, Birgit
942 _cTB
999 _c52789
_d52789